| 000 | 00404nam a2200145 i 4500 | ||
|---|---|---|---|
| 001 | 62110 | ||
| 003 | ES-MaACL | ||
| 007 | t| | ||
| 008 | 031118s1921 fr ||||1| fre d | ||
| 100 | 1 |
_aFaure, Sébastien. _948967 |
|
| 245 | 1 | 0 |
_a"Mon commmunisme" _b: (le bonherir universel) / _cSébastien Faure. |
| 260 |
_a[S.l. : _bs.n., _c1921 ( _eParis) |
||
| 300 |
_a384 p. ; _c20 cm. |
||
| 852 |
_aES-MaACL _jG-4583 |
||
| 999 |
_c62110 _d62110 |
||